zpět

Detail výsledku týmu

Pivovar Parník, Přerov

Datum a čas kvízu

35.5 Celkem bodů Celkový počet nahraných bodů na tomto kvízu bez doplňovacích otázek.
2. Pořadí na kvízu Konečné umístění týmu na tomto kvízu.

Zaznamenané odpovědi

# Otázka Odpověď Body Výsledky
1. V Olomouci byli minulý týden p... propisku 1
2. Malajsie a Indonésie se jako p... Grok 0
3. Jakub Hrůša získal minulý týde... dirigent (hudební ředitel) 1
4. Firma Mattel uvedla na trh nov... C 1
5. Půl bodu získáte za jméno česk... Jakub Menšík, oštěp 0
6. Vaším úkolem v tématu bude odh... červená, žlutá 1
7. Teď se podíváme na domácí fotb... čtyři 1
8. Pojďme na hokej. Lev v logu BK... zelená 1
9. Na základě zobrazených barev l... Los Angeles Lakers 1
10. Které americké město oslavuje... Pittsburgh 1